| 000 | 01134cam a22003135a 4500 | ||
|---|---|---|---|
| 001 | 017397438 | ||
| 003 | OSt | ||
| 005 | 20160904145714.0 | ||
| 008 | 150610s2015 enka frb 001 0 eng d | ||
| 020 | _a9781107531659 (pbk.) | ||
| 040 |
_aStDuBDS _beng _cStDuBDS _dEG-ScBUE |
||
| 041 | 1 |
_aeng _hrus |
|
| 082 | 0 | 4 |
_a616.85889 _222 _bAKH |
| 100 | 1 |
_aAkhutina, T. V. _q(Tatʹi︠a︡na Vasilʹevna) |
|
| 245 | 1 | 0 |
_aOvercoming learning disabilities / _cTatiana V. Akhutina, Natalia M. Pylaeva ; translated by Julia Linkova. |
| 250 | _a1st paperback ed. | ||
| 260 |
_aCambridge : _bCambridge University Press, _c2015. |
||
| 300 |
_axii, 305 p. : _bill. ; _c23 cm. |
||
| 500 | _aTranslated from the Russian. | ||
| 500 | _aIndex : p. 299-305. | ||
| 504 | _aBibliography : p. 275-296. | ||
| 546 | _aText in English ; translated from original Russian. | ||
| 650 | 7 |
_aLearning disabilities _xTreatment. _2BUEsh _941009 |
|
| 650 | 0 |
_aPeople with mental disabilities _xRehabilitation. _2BUEsh |
|
| 653 |
_bHHUUEENN _cSeptember2016 |
||
| 700 | 1 |
_aPylaeva, N. _q(Natalia M.), _d1948- |
|
| 700 | 1 |
_aLinkova, Julia, _etranslator. |
|
| 942 | _2ddc | ||
| 999 |
_c22295 _d22267 |
||